Регионална библиотека "Любен Каравелов" - Русе

Метаболитните нарушения и отражението им върху здравето и продуктивността на животните (Запис номер 447226)

MARC детайли
000 -Лидер
Контролно поле с фиксирана дължина 01365nam a2200253 a 4500
003 - Код на организацията, давaща контролен номер
Контролно поле BLK
005 - Дата и час на последна редакция
Контролно поле 20230727123632.0
008 - Елементи от данни с фиксирана дължина
fixed length control field 220304b bu |||||r|||| 00| u bu d
040 ## - Източник на каталожния запис
Идентификатор на билиотеката - собственик на записа BLK
041 ## - Код за език
Код за езика на текст/звукозапис или на отделно заглавие Български
Код за езика КДБФ Български
080 ## - УДК
Текстов определител УДК Животновъдство (общи въпроси). Скотовъдство. Развъждане на домашни животни
УДК код - определител по УДК 636
УДК определител (062)
УДК - код + определител 636(062)
139 ## - Редно поле
Авторски знак Мет - М 51
245 ## - Сведения за заглавието
Заглавие Метаболитните нарушения и отражението им върху здравето и продуктивността на животните
Подзаглавни данни Резюмета на докладите и съобщенията на юбилейната научна конференция
Физически носител (вид на носителя) [Малотир. изд.]
260 ## - Област на издателските данни
9 (RLIN) 441842
Място на издаване, разпространение и проч. Русе
Име на издателя, разпространителя и проч. б. и.
Година на издаване 1984
300 ## - Физическа характеристика
Страници 67 с.
Размери/Мащаб 22 см
380 ## - Жанр
Жанр Селско стопанство
500 ## - Общи забележки
Забележка Резюмета на докладите и съобщенията на юбилейната научна конференция, посветена на 40-год. от социалистическата революция в България.
650 #7 - Допълнително описание по предмет – тема
9 (RLIN) 170653
Основно описание – тема или топоним Селскостопански животни
653 #7 - Ключова дума – ненормативна
9 (RLIN) 185424
Ключова дума домашни животни
653 #7 - Ключова дума – ненормативна
9 (RLIN) 190878
Ключова дума метаболизъм
852 ## - Местоположение
Фондова буква Краезнание
Систематично-азбучна сигнатура К 63/М 51
999 ## - СИСТЕМНИ КОНТРОЛНИ НОМЕРА
Koha biblionumber 447226
Koha biblioitemnumber 447226
942 ## - АРТИКУЛИ
Вид на библиотечния материал Книги
Скрит в OPAC Не
Периодичен библиозапис Да
Koha issues (borrowed), all copies 1
944 ## - СЪЗДАВАНЕ И РЕДАКЦИЯ на ЗАПИСА
Създаване/Редакция Създаване
Дата на регистрацията/редакция 2022-03-04
Служител, извършил регистрацията/редакцията 30556
Статус, дата на статуса Теодора Пейчева-Дянкова
Наличности
Код за отписване Код за изгубен артикул Източник на класификационната схема Код за повреда Коз за рестрикции Код за отдаване Артикулен № Име на библиотеката - собственик Име на библиотеката, в която се намира в момента Статус (Текущо местоположение) Дата на вписване в системата Местоположение - отдел Цена в лева Систематично азбучна сигнатура Баркод Цена в евро Служебен тип на артикула
  Не е изгубен Universal Decimal Classification Не е повреден само за читалня ползва се в читалня 874698 Регионална библиотека "Любен Каравелов" Русе Регионална библиотека "Любен Каравелов" Русе Краезнание 2022-03-10 Краезнание 1.00 К 63/М 51 120000867728 0.51 Книги
Vip Innovations Ltd, Rousse, Bulgaria 2025